02311nam a22004098i 4500001001900000003000700019005001700026006001900043007001500062008004100077020003700118020002700155024003100182040002600213041000800239050000800247072001800255072002500273072002500298082001200323245011500335300005200450490002700502504005100529520083300580546001201413650001701425650002201442700003801464700004001502776011301542830002801655856004401683942001601727999001701743952014101760BRILL9789004545632nllekb20260415154330.0m d cr un uuuua230524s2023 gw sb 001 0 eng d a9789004545632q(electronic book) z9789004545618q(print)7 a10.1163/97890045456322DOI aNL-LeKBcNL-LeKBerda aeng 4aD57 7aHBLA12bicssc 7aHISx0020002bisacsh 7aHISx0390002bisacsh04a93022310aUnderstanding Integration in the Roman World /cedited by Elena Muñiz Grijalvo and Rosario Moreno Soldevila. a1 online resource (251 pages) :billustrations.1 aImpact of Empire ;v47 aIncludes bibliographical references and index. aIntegration is a buzzword in the 21st century. However, academics still do not agree on its meaning and, above all, on its consequences. This book offers numerous examples showing that the inhabitants of the Roman Mediterranean were "integrated", i.e. were aware of the existence of a common framework of coexistence, without this necessarily resulting in a process of cultural convergence. The Spanish poet Martial explicitly refuses to be considered the brother of the Greek Charmenion (10.65): paradoxically, while reaffirming their differences, his satirical epigram confirms the existence of a common frame of reference that encompasses them both. Thus, understanding integration in the Roman world requires paying attention to the multifarious situations that allow to glimpse the complexity of integration in Roman times. aEnglish 0aAntiquities. 0aHistory, Ancient.1 aGrijalvo, Elena Muñiz,eeditor.1 aSoldevila, Rosario Moreno,eeditor.08iPrint version:tUnderstanding Integration in the Roman World.dLeiden ; Boston : Brill, 2023.z9789004545618 0aImpact of Empire ;v47.4 uhttp://dx.doi.org/10.1163/9789004545632 2ddccE-BOOK c49423d49423 r2026-04-15 11:21:00l0o930pEB04587uhttps://doi.org/10.1163/9789004545632w2026-04-15yE-BOOK102ddc407000aCUTNbCUTNd2026-04-15